Dinero y política: La cuadratura del circulo de la democracia en América Latina /
Gorde:
| Egile nagusia: | |
|---|---|
| Formatua: | Texto |
| Etiketak: |
Etiketa erantsi
Etiketarik gabe, Izan zaitez lehena erregistro honi etiketa jartzen!
|
MARC
| LEADER | 00000 a a2200000 04500 | ||
|---|---|---|---|
| 001 | 45511 | ||
| 003 | |||
| 040 | |a CRAI/IIS |c CRAI/IIS | ||
| 090 | |a REV0780 (37)1999 | ||
| 100 | |a García Laguardia, Jorge Mario | ||
| 245 | |a Dinero y política: |b La cuadratura del circulo de la democracia en América Latina / |c Jorge Mario García Laguardia | ||
| 773 | |g número37, V Epoca (1999), páginas 79-92 | ||
| 999 | |c 18204 |d 18204 | ||
